Factoring versus úvěr
Spôsoby riešenia financovania a správy pohľadávok. Zdroje pre faktoringové financovanie. Denná správa pohľadávok a prehľad o ich vývoji. Porovnávanie faktoringu s bankovým úverom z hľadiska nákladov. Poplatky faktoringových spoločností.
Guardado en:
| Autor principal: | |
|---|---|
| Formato: | Capítulo de libro |
| Lenguaje: | checo |
| Materias: | |
| Etiquetas: |
Sin Etiquetas, Sea el primero en etiquetar este registro!
|
MARC
| LEADER | 00000naa$a2200000$$$4500 | ||
|---|---|---|---|
| 001 | 0113305 | ||
| 005 | 20231129093300.9 | ||
| 041 | 0 | |a cze | |
| 044 | |a CZ | ||
| 245 | 1 | 0 | |a Factoring versus úvěr |c Tomáš Morávek |
| 520 | |a Spôsoby riešenia financovania a správy pohľadávok. Zdroje pre faktoringové financovanie. Denná správa pohľadávok a prehľad o ich vývoji. Porovnávanie faktoringu s bankovým úverom z hľadiska nákladov. Poplatky faktoringových spoločností. | ||
| 610 | 2 | 0 | |a faktoring |
| 610 | 2 | 0 | |a odkúpenie pohľadávok |
| 610 | 2 | 0 | |a spoločnosti faktoringové |
| 610 | 2 | 0 | |a veritelia |
| 610 | 2 | 0 | |a dlžníci |
| 610 | 2 | 0 | |a pohľadávky |
| 610 | 2 | 0 | |a poplatky |
| 100 | 1 | |a Morávek, Tomáš | |